书目信息 |
| 题名: |
大明王朝的十字路口
|
|
| 作者: | 郑云鹏 著 | |
| 分册: | ||
| 出版信息: | 北京 现代出版社 2021.04 |
|
| 页数: | 299页 | |
| 开本: | 24cm | |
| 丛书名: | ||
| 单 册: | ||
| 中图分类: | K248.09 | |
| 科图分类: | ||
| 主题词: | 明代--ming dai--古代史--通俗读物 | |
| 电子资源: | ||
| ISBN: | 978-7-5143-8996-8 | |
| 000 | 01012nam0 2200253 450 | |
| 001 | 0100028807 | |
| 005 | 20211025120205.0 | |
| 010 | @a978-7-5143-8996-8@dCNY49.80 | |
| 100 | @a20210510d2021 em y0chiy50 ea | |
| 101 | 0 | @achi |
| 102 | @aCN@b110000 | |
| 105 | @ay a 000yy | |
| 106 | @ar | |
| 200 | 1 | @a大明王朝的十字路口@Ada ming wang chao de shi zi lu kou@f郑云鹏著 |
| 210 | @a北京@c现代出版社@d2021.04 | |
| 215 | @a299页@d24cm | |
| 314 | @a郑云鹏, 大学老师。 | |
| 320 | @a有书目 (第297-299页) | |
| 330 | @a本书讲述了明朝中期一个著名历史事件土木堡之变, 改变了明朝国运的走向, 作者以土木堡之变中的大明王朝第六代天子朱祁镇的少年开篇, 讲述他的成长经历以及明朝的历史发展, 重点讲述明英宗朱祁镇北征瓦剌兵败并且被俘的土木堡之变的整个过程, 对明朝当时的政治、军事等方面以及内外部形势一系列重大变化和转折, 做了细致的分析。 | |
| 606 | 0 | @a明代@Aming dai@x古代史@j通俗读物 |
| 690 | @aK248.09@v5 | |
| 701 | 0 | @a郑云鹏@Azheng yun peng@4著 |
| 801 | 0 | @aCN@c20210909 |
| 905 | @a河南城建学院图书馆@dK248.09@eZ457 | |
| 大明王朝的十字路口/郑云鹏著.-北京:现代出版社,2021.04 |
| 299页;24cm |
| ISBN 978-7-5143-8996-8:CNY49.80 |
| 本书讲述了明朝中期一个著名历史事件土木堡之变, 改变了明朝国运的走向, 作者以土木堡之变中的大明王朝第六代天子朱祁镇的少年开篇, 讲述他的成长经历以及明朝的历史发展, 重点讲述明英宗朱祁镇北征瓦剌兵败并且被俘的土木堡之变的整个过程, 对明朝当时的政治、军事等方面以及内外部形势一系列重大变化和转折, 做了细致的分析。 |
| ● |
| 相关链接 |
|
|
|
正题名:大明王朝的十字路口
索取号:K248.09/Z457
 
预约/预借
| 序号 | 登录号 | 条形码 | 馆藏地/架位号 | 状态 | 备注 |
| 1 | 1547122 | 215471228 | 社科库309/309社科库 34排6列2层/ [索取号:K248.09/Z457] | 在馆 | |
| 2 | 1547123 | 215471237 | 社科库309/309社科库 34排6列2层/ [索取号:K248.09/Z457] | 在馆 |